| 000 | 01752cam a22005054i 4500 | ||
|---|---|---|---|
| 003 | PE-LiUPU | ||
| 005 | 20250731184528.0 | ||
| 008 | 150623s r 000 0 d | ||
| 020 | _a0931464455 | ||
| 035 | _a(Sirsi) i9780931464454 | ||
| 040 |
_aPE-LiUPU _bspa _cPE-LiUPU _erda |
||
| 049 | _aPRUA | ||
| 082 | 0 | 4 |
_a935 _bS72 _221 |
| 100 | 1 |
_aLacheman, Ernest René, _eautor. |
|
| 245 | 1 | 0 |
_aJoint expedition with the Iraq museum at Nuzi : _bVII miscellaneous texts. |
| 264 | 1 |
_aWinona Lake, Indiana : _bEisenbrauns, _c1989. |
|
| 300 |
_a307 páginas : _bilustraciones láms (674-881) ; _c26 centímetros |
||
| 336 |
_atext _2rdacontent |
||
| 337 |
_aunmediated _2rdamedia |
||
| 338 |
_avolume _2rdacarrier |
||
| 490 | 0 |
_aStudies on the civilization and culture of Nuzi and the Hurrians ; _v3 |
|
| 504 | _aBibliografía al pie de páginas. | ||
| 505 | 0 | _aPreface. -Introduction. -Register of tables. -Catalogue of texts. -Copies of plates. | |
| 526 | _aP136 | ||
| 526 | _aP135 | ||
| 526 | _aP134 | ||
| 526 | _aP133 | ||
| 526 | _aP144 | ||
| 526 | _aP143 | ||
| 526 | _aP87 | ||
| 526 | _aP35 | ||
| 526 | _aP20 | ||
| 526 | _aP14 | ||
| 526 | _aP10 | ||
| 526 | _aP06 | ||
| 650 | 0 | 4 |
_aAcadio _vTextos. |
| 650 | 0 | 4 |
_aExcavaciones (Arqueología) _zIraq, Nuzi (Ciudad extinta). |
| 650 | 0 | 4 | _aNuzi (Ciudad extinta). |
| 942 |
_2ddc _cBOOK |
||
| 949 |
_a935 S72 _wDEWEY _c1 _i44743 _lCCODEBUL1 _mBUL _r0 _sY _tBOOK _u2015-6-24 _xTEOLOGIA _PP35 _0COMPRA _o.STAFF. Colección General |
||
| 994 |
_aC0 _bPEPRU |
||
| 596 | _a1 | ||
| 999 |
_a935 S72 _wDEWEY _c21609 _i44743 _d21609 _f2021-11-11 _g5 _lCCODEBUL1 _mBUL _q1 _r0 _sY _tBOOK _u2015-6-24 _xTEOLOGIA _PP35 _0COMPRA _o.STAFF. Colección General |
||
| 980 |
_81 _gALBERTO SANCHEZ Responsable de Automatización |
||